000 00588cam a22001933a 4500
001 38999
003 PGUSA
005 20140828083848.0
008 120227s2012||||xxu|||||s|||||000 | eng d
040 _aPGUSA
_beng
042 _adc
245 1 0 _aMellifont Abbey, Co. Louth :
_bIts Ruins and Associations, a Guide and Popular History
_h[electronic resource] /
_cAnonymous
260 _bProject Gutenberg,
_c2012
506 _aPublic domain in the USA.
516 _aElectronic text
830 0 _aProject Gutenberg
_v38999
856 4 0 _uhttp://www.gutenberg.org/ebooks/38999
942 _cEB
999 _c268252
_d268252